000 00399nam a2200121Ia 4500
008 220216s9999 xx 000 0 und d
100 _aSen A K
_cet al
245 0 _aKinetics of Silane Grafting and moisture crosslinking of polyethylene and ethylene propylene rubber
260 _bJournal of Applied Polymer Science
_c1992
300 _a1153-1164
650 _aEthylene Propylene rubber
942 _cJS
999 _c61874
_d61874